00707 2200253 4500001002100000005001500021035002500036090001400061245008600075260003600161300002700197007000300224008004100227040001700268082001400285084001600299100003000315650002600345850001200371504003400383990001200417990001200429990001200441YOGYA00000000002803220211021080913 a0010-081400000027750 a327 Nas P10aPerang atau damai dalam wawasan politik internasional /cpenulis, Dahlan Nasution aBandung :bRemadja Karya,c1988 axi, 282 hlm. ;c21 cm.ta130813s1988 jbia g ind d aYOPDYOGbind04223a327.1 a327.1 NAS p1 aNasution, Dahlanepenulis aPolitik Internasional aYOPDYOG aBibliografi : halaman 281-282 a26436-p a26436-p a26436-p